Lipidické zložky chmeľu (Humulus lupulus L.) diplomová práca

Salvato in:
Dettagli Bibliografici
Autore principale: Koprdová, Michela
Natura: Libro
Lingua:slovacco
Pubblicazione: Bratislava STU FCHPT 2013
Accesso online:Visualizza in OPAC
Tags: Aggiungi Tag
Nessun Tag, puoi essere il primo ad aggiungerne!!

MARC

LEADER 00000nam a2200000 a 4500
005 20260127134223.0
008 130716 2013 000 0 slo d
035 |a vtls010527927 
039 9 |y 201307161229  |z mschk03 
040 |a STUSCHK1  |b slo  |c STUSCHK1  |e AACR2 
100 1 |a Koprdová, Michela 
245 1 |a Lipidické zložky chmeľu (Humulus lupulus L.)  |b diplomová práca  |c 2013 
260 |a Bratislava  |b STU FCHPT  |c 2013 
300 |a 64 s.  |b il., tab.  |c 30 cm 
500 |a Obhájené: 11.06.2013 
500 |a Štud. odbor: potravinárstvo 
500 |a Škol. pracovisko: Oddelenie výživy a hodnotenia potravín 
500 |a Evid. číslo: FCHPT-5465-58258 
910 |a SCHK95 
999 |c 7046  |d 7046